[Event "PMPJ 2022 - C17"]
[Site "Jastrzebia Gora"]
[Date "2022.11.09"]
[Round "5.11"]
[White "Ullrich, Karol"]
[Black "Lis, Maksymilian"]
[Result "0-1"]
[BlackElo "1684"]
[WhiteElo "1848"]
[LiveChessVersion "1.4.8"]

1. e4 {[%clk 1:30:58]} c5 {[%clk 1:30:50]} 2. Nf3 {[%clk 1:31:22]} e6
{[%clk 1:31:13]} 3. d4 {[%clk 1:31:48]} cxd4 {[%clk 1:31:39]} 4. Nxd4
{[%clk 1:32:13]} a6 {[%clk 1:32:05]} 5. Nc3 {[%clk 1:32:23]} b5 {[%clk 1:31:41]}
6. a3 {[%clk 1:31:36]} Bb7 {[%clk 1:31:59]} 7. Bd3 {[%clk 1:31:14]} Qc7
{[%clk 1:31:04]} 8. O-O {[%clk 1:30:32]} Nf6 {[%clk 1:31:11]} 9. Qe2
{[%clk 1:28:09]} d6 {[%clk 1:28:11]} 10. Kh1 {[%clk 1:20:48]} Be7
{[%clk 1:24:08]} 11. f4 {[%clk 1:17:59]} Nbd7 {[%clk 1:23:20]} 12. Bd2
{[%clk 1:13:12]} O-O {[%clk 1:18:37]} 13. Rae1 {[%clk 1:08:38]} e5
{[%clk 1:08:35]} 14. Nf5 {[%clk 1:03:14]} Rfe8 {[%clk 1:07:32]} 15. Nxe7+
{[%clk 0:59:00]} Rxe7 {[%clk 1:07:26]} 16. Rf3 {[%clk 0:55:12]} Rae8
{[%clk 0:53:27]} 17. Rg3 {[%clk 0:45:55]} exf4 {[%clk 0:50:07]} 18. Bxf4
{[%clk 0:44:06]} Kh8 {[%clk 0:48:42]} 19. Qe3 {[%clk 0:32:54]} Re6 20. Rg5
{[%clk 0:22:11]} Qb6 {[%clk 0:28:55]} 21. Qg3 {[%clk 0:13:30]} Nxe4
{[%clk 0:19:49]} 22. Nxe4 {[%clk 0:12:41]} Nc5 {[%clk 0:07:16]} 23. Be3
{[%clk 0:04:42]} Bxe4 {[%clk 0:06:42]} 24. b4 {[%clk 0:04:53]} Nxd3
{[%clk 0:04:29]} 25. Bxb6 {[%clk 0:04:50]} Nxe1 {[%clk 0:04:30]} 26. Qc3
{[%clk 0:03:57]} f6 {[%clk 0:03:31]} 27. Rg4 {[%clk 0:03:24]} h5 {[%clk 0:01:47]}
28. Rg3 {[%clk 0:02:31]} Nxg2 {[%clk 0:01:34]} 29. Rxg2 {[%clk 0:02:12]} Bb7
{[%clk 0:01:11]} 30. h3 {[%clk 0:00:54]} Re2 {[%clk 0:01:12]} 31. Qc7
{[%clk 0:00:34]} Bxg2+ {[%clk 0:00:44]} 32. Kh2 {[%clk 0:00:40]} Ba8+
{[%clk 0:00:38]} 33. Kg3 {[%clk 0:01:04]} Rg2+ {[%clk 0:00:55]} 34. Kh4
{[%clk 0:01:14]} Bf3 {[%clk 0:00:54]} 35. Qf7 {[%clk 0:00:32]} g5#
{[%clk 0:01:13]} 0-1

[Event "PMPJ 2022 - C17"]
[Site "Jastrzebia Gora"]
[Date "2022.11.09"]
[Round "5.12"]
[White "Kulig, Pawel"]
[Black "Szafranski, Maciej"]
[Result "1/2-1/2"]
[BlackElo "1511"]
[WhiteElo "1887"]
[LiveChessVersion "1.4.8"]

1. d4 {[%clk 1:30:57]} d5 {[%clk 1:30:45]} 2. c4 {[%clk 1:31:23]} e6
{[%clk 1:31:08]} 3. Nf3 {[%clk 1:31:41]} Nf6 {[%clk 1:30:43]} 4. Bg5
{[%clk 1:31:55]} Be7 {[%clk 1:30:28]} 5. e3 {[%clk 1:32:10]} O-O {[%clk 1:28:21]}
6. Nc3 {[%clk 1:30:00]} a6 {[%clk 1:27:14]} 7. cxd5 {[%clk 1:29:15]} exd5
{[%clk 1:27:36]} 8. Bd3 {[%clk 1:26:53]} h6 {[%clk 1:24:27]} 9. Bh4
{[%clk 1:26:28]} Be6 {[%clk 1:21:44]} 10. O-O {[%clk 1:26:31]} Nbd7
{[%clk 1:19:25]} 11. a3 {[%clk 1:23:46]} c6 {[%clk 1:17:42]} 12. b4
{[%clk 1:21:35]} b5 {[%clk 1:11:39]} 13. Ne2 {[%clk 1:20:06]} a5 {[%clk 1:06:32]}
14. Qb3 {[%clk 1:19:46]} Re8 {[%clk 0:56:41]} 15. h3 {[%clk 1:14:36]} Nb6
{[%clk 0:54:31]} 16. Ne5 {[%clk 1:12:04]} Bd7 {[%clk 0:54:35]} 17. Bc2
{[%clk 0:52:00]} Nc4 {[%clk 0:45:24]} 18. Rfd1 {[%clk 0:43:56]} Qc7
{[%clk 0:32:14]} 19. Nd3 {[%clk 0:41:38]} Bf5 {[%clk 0:29:48]} 20. Nc5
{[%clk 0:40:30]} a4 {[%clk 0:27:01]} 21. Qb1 {[%clk 0:40:24]} Bxc2
{[%clk 0:26:06]} 22. Qxc2 {[%clk 0:40:48]} Bxc5 {[%clk 0:25:05]} 23. dxc5
{[%clk 0:40:25]} Ne4 {[%clk 0:24:30]} 24. Rd4 {[%clk 0:35:49]} Qe5
{[%clk 0:23:04]} 25. Nc3 {[%clk 0:33:47]} f5 {[%clk 0:20:11]} 26. Nxe4
{[%clk 0:32:47]} fxe4 {[%clk 0:20:31]} 27. Bg3 {[%clk 0:32:45]} Qg5
{[%clk 0:20:47]} 28. Bf4 {[%clk 0:32:21]} Qf6 {[%clk 0:21:07]} 29. Qe2
{[%clk 0:31:47]} Ra7 {[%clk 0:20:28]} 30. Ra2 {[%clk 0:31:43]} Rf7
{[%clk 0:19:49]} 31. Qh5 {[%clk 0:30:19]} Qe6 {[%clk 0:18:29]} 32. Qg4
{[%clk 0:29:38]} Qf6 {[%clk 0:18:37]} 33. h4 {[%clk 0:25:49]} Qe6
{[%clk 0:14:02]} 34. Qxe6 {[%clk 0:24:09]} Rxe6 {[%clk 0:14:28]} 35. Rd1
{[%clk 0:23:30]} Kh7 {[%clk 0:14:34]} 36. Kh2 {[%clk 0:23:35]} g6
{[%clk 0:14:25]} 37. Kh3 {[%clk 0:22:31]} Rf5 {[%clk 0:13:55]} 38. Kg4
{[%clk 0:20:52]} Rf7 {[%clk 0:12:37]} 39. Rh1 {[%clk 0:20:00]} Rf8
{[%clk 0:12:43]} 40. Rha1 {[%clk 0:18:36]} Rf7 {[%clk 0:13:08]} 41. Re2
{[%clk 0:18:06]} Rd7 {[%clk 0:11:51]} 42. Rc2 {[%clk 0:17:12]} Rf7
{[%clk 0:12:09]} 43. Kh3 {[%clk 0:16:56]} Rfe7 {[%clk 0:12:31]} 44. g4
{[%clk 0:15:58]} Rd7 {[%clk 0:12:33]} 45. Kg2 {[%clk 0:15:04]} Rf7
{[%clk 0:11:48]} 1/2-1/2

[Event "PMPJ 2022 - C17"]
[Site "Jastrzebia Gora"]
[Date "2022.11.09"]
[Round "5.13"]
[White "Wesolek, Krzysztof"]
[Black "Rychlik, Michal"]
[Result "1/2-1/2"]
[BlackElo "1604"]
[WhiteElo "1667"]
[LiveChessVersion "1.4.8"]

1. d4 {[%clk 1:30:57]} Nf6 {[%clk 1:28:16]} 2. Nf3 {[%clk 1:31:23]} d5
{[%clk 1:28:19]} 3. e3 {[%clk 1:31:45]} a6 {[%clk 1:26:59]} 4. Bd3
{[%clk 1:28:25]} Bg4 {[%clk 1:27:25]} 5. Nbd2 {[%clk 1:23:04]} e6
{[%clk 1:26:47]} 6. b3 {[%clk 1:23:15]} c5 {[%clk 1:24:50]} 7. Bb2
{[%clk 1:20:22]} Nc6 {[%clk 1:22:19]} 8. a3 {[%clk 1:20:03]} cxd4
{[%clk 1:17:27]} 9. exd4 {[%clk 1:19:57]} Bd6 {[%clk 1:14:59]} 10. c4
{[%clk 1:04:12]} O-O {[%clk 1:14:00]} 11. O-O {[%clk 0:51:06]} e5
{[%clk 1:05:21]} 12. dxe5 {[%clk 0:38:58]} Bxe5 {[%clk 0:59:56]} 13. Bxe5
{[%clk 0:39:04]} Nxe5 {[%clk 1:00:21]} 14. Be2 {[%clk 0:39:15]} Ng6
{[%clk 0:59:14]} 15. h3 {[%clk 0:37:36]} Bd7 {[%clk 0:56:23]} 16. Nd4
{[%clk 0:20:17]} Nf4 {[%clk 0:52:44]} 17. Bf3 {[%clk 0:19:09]} Kh8
{[%clk 0:52:21]} 18. Re1 {[%clk 0:17:36]} Rg8 {[%clk 0:51:38]} 19. Nf1
{[%clk 0:16:35]} g5 {[%clk 0:48:45]} 20. Ne3 {[%clk 0:14:42]} Bc8
{[%clk 0:47:12]} 21. cxd5 {[%clk 0:13:09]} N6xd5 {[%clk 0:46:33]} 22. Nxd5
{[%clk 0:12:53]} Nxd5 {[%clk 0:47:01]} 23. Qe2 {[%clk 0:12:02]} Nf4
{[%clk 0:46:14]} 24. Qe4 {[%clk 0:09:15]} Qf6 {[%clk 0:43:46]} 25. Qe5
{[%clk 0:07:01]} Qxe5 {[%clk 0:42:48]} 26. Rxe5 {[%clk 0:07:29]} g4
{[%clk 0:43:00]} 27. hxg4 {[%clk 0:07:37]} Bxg4 {[%clk 0:43:14]} 28. Bxb7
{[%clk 0:04:45]} Rad8 {[%clk 0:43:39]} 29. Nf3 {[%clk 0:02:50]} f6
{[%clk 0:40:30]} 30. Re7 {[%clk 0:01:43]} Rb8 {[%clk 0:37:48]} 31. Kf1
{[%clk 0:00:32]} Nxg2 {[%clk 0:37:37]} 32. Kxg2 {[%clk 0:00:39]} Bc8+
{[%clk 0:36:46]} 33. Kf1 {[%clk 0:01:01]} Bxb7 {[%clk 0:36:49]} 34. Nd2
{[%clk 0:00:33]} a5 {[%clk 0:35:40]} 35. Re6 {[%clk 0:00:33]} Kg7
{[%clk 0:35:45]} 36. Ke2 {[%clk 0:00:38]} Kf7 {[%clk 0:36:04]} 37. Re3
{[%clk 0:00:48]} Ba6+ {[%clk 0:36:04]} 38. Kf3 {[%clk 0:00:59]} h5
{[%clk 0:36:14]} 39. Nc4 {[%clk 0:00:36]} h4 {[%clk 0:35:32]} 40. Nd6+
{[%clk 0:00:52]} Kg6 {[%clk 0:28:52]} 41. Ke4 1/2-1/2

[Event "PMPJ 2022 - C17"]
[Site "Jastrzebia Gora"]
[Date "2022.11.09"]
[Round "5.14"]
[White "Mazus, Jakub"]
[Black "Maciaszek, Karol"]
[Result "0-1"]
[BlackElo "1631"]
[WhiteElo "1430"]
[LiveChessVersion "1.4.8"]

1. e4 {[%clk 1:30:27]} c5 {[%clk 1:30:43]} 2. c3 {[%clk 1:29:27]} d5
{[%clk 1:25:55]} 3. exd5 {[%clk 1:29:52]} Qxd5 {[%clk 1:26:15]} 4. d4
{[%clk 1:30:14]} cxd4 {[%clk 1:26:09]} 5. cxd4 {[%clk 1:25:59]} Nf6
{[%clk 1:23:28]} 6. Nc3 {[%clk 1:23:37]} Qa5 {[%clk 1:22:25]} 7. Nf3
{[%clk 1:16:52]} g6 {[%clk 1:19:02]} 8. Bc4 {[%clk 1:14:29]} Bg7 {[%clk 1:13:59]}
9. O-O {[%clk 1:06:48]} O-O {[%clk 1:13:28]} 10. Re1 {[%clk 1:05:38]} Qc7
{[%clk 1:05:45]} 11. Qb3 {[%clk 0:56:00]} Nc6 {[%clk 1:02:03]} 12. Ne5
{[%clk 0:47:10]} Nxe5 {[%clk 0:56:22]} 13. dxe5 {[%clk 0:46:59]} Ng4
{[%clk 0:55:44]} 14. Bf4 {[%clk 0:35:46]} e6 {[%clk 0:44:21]} 15. Rac1
{[%clk 0:19:48]} a6 {[%clk 0:28:41]} 16. Na4 {[%clk 0:16:27]} b5 {[%clk 0:22:52]}
17. Bxb5 {[%clk 0:15:34]} Qa7 {[%clk 0:23:11]} 18. Be3 {[%clk 0:11:18]} Nxe3
{[%clk 0:23:24]} 19. Bc6 {[%clk 0:11:44]} Nd5 {[%clk 0:22:36]} 20. Bxa8
{[%clk 0:11:16]} Qxa8 {[%clk 0:22:56]} 21. Nb6 {[%clk 0:10:31]} Nxb6
{[%clk 0:22:33]} 22. Qxb6 {[%clk 0:10:56]} Bb7 {[%clk 0:21:51]} 23. Rc7
{[%clk 0:06:59]} Bxg2 {[%clk 0:18:29]} 24. Ra7 {[%clk 0:07:23]} Qd5
{[%clk 0:18:49]} 25. Qxa6 {[%clk 0:07:43]} Bh3 {[%clk 0:18:21]} 26. Qb7
{[%clk 0:08:06]} Qd2 {[%clk 0:13:47]} 27. Qe4 {[%clk 0:04:19]} Qg5+
{[%clk 0:13:35]} 28. Kh1 {[%clk 0:04:32]} Rc8 {[%clk 0:13:17]} 29. Qf3
{[%clk 0:02:45]} Bf5 {[%clk 0:11:42]} 30. Qb7 {[%clk 0:02:36]} Rf8
{[%clk 0:11:31]} 31. Qb4 {[%clk 0:00:58]} Bh3 {[%clk 0:07:29]} 32. Qe4
{[%clk 0:01:06]} Bf5 {[%clk 0:06:26]} 33. Qb4 {[%clk 0:01:26]} Bg4
{[%clk 0:05:07]} 34. Qe4 {[%clk 0:01:15]} Qh5 {[%clk 0:05:35]} 35. Re3
{[%clk 0:00:46]} Bh6 {[%clk 0:02:53]} 36. Rg3 {[%clk 0:00:36]} Bf5
{[%clk 0:03:21]} 37. Qd4 {[%clk 0:00:35]} Qe2 {[%clk 0:02:56]} 38. Ra4
{[%clk 0:00:44]} Rc8 {[%clk 0:02:28]} 39. Kg2 {[%clk 0:01:10]} Rc1
{[%clk 0:01:55]} 40. Qd8+ {[%clk 0:01:30]} Bf8 {[%clk 0:02:23]} 41. Ra8
{[%clk 0:00:34]} Be4+ {[%clk 0:02:46]} 0-1

[Event "PMPJ 2022 - C17"]
[Site "Jastrzebia Gora"]
[Date "2022.11.09"]
[Round "5.15"]
[White "Wiosna, Krzysztof"]
[Black "Rzenca, Jerzy"]
[Result "0-1"]
[BlackElo "1631"]
[WhiteElo "1159"]
[LiveChessVersion "1.4.8"]

1. e4 {[%clk 1:30:58]} c6 {[%clk 1:30:39]} 2. Nf3 {[%clk 1:31:23]} d5
{[%clk 1:31:03]} 3. Nc3 {[%clk 1:31:48]} Bg4 {[%clk 1:31:28]} 4. h3
{[%clk 1:32:02]} Bxf3 {[%clk 1:31:46]} 5. Qxf3 {[%clk 1:32:25]} Nf6
{[%clk 1:30:35]} 6. d3 {[%clk 1:28:28]} e6 {[%clk 1:30:28]} 7. Bd2
{[%clk 1:27:25]} Nbd7 {[%clk 1:26:11]} 8. O-O-O {[%clk 1:25:09]} b5
{[%clk 1:10:35]} 9. g4 {[%clk 1:21:18]} b4 {[%clk 1:10:41]} 10. Ne2
{[%clk 1:04:55]} a5 {[%clk 0:55:39]} 11. g5 {[%clk 0:55:01]} Ng8 {[%clk 0:50:29]}
12. exd5 {[%clk 0:46:31]} cxd5 {[%clk 0:50:18]} 13. Qg3 {[%clk 0:44:51]} a4
{[%clk 0:47:20]} 14. f4 b3 {[%clk 0:42:05]} 15. cxb3 {[%clk 0:28:23]} axb3
{[%clk 0:41:34]} 16. a4 {[%clk 0:22:49]} Rxa4 {[%clk 0:40:07]} 17. Bc3
{[%clk 0:22:54]} Bb4 {[%clk 0:30:55]} 18. Kd2 {[%clk 0:17:57]} Ne7
{[%clk 0:28:01]} 19. Bg2 {[%clk 0:13:57]} Nf5 {[%clk 0:27:46]} 20. Qf2
{[%clk 0:13:12]} Qa5 {[%clk 0:23:17]} 21. Ke1 {[%clk 0:08:42]} Bxc3+
{[%clk 0:22:29]} 22. bxc3 {[%clk 0:06:13]} Ra1 23. Nc1 Qxc3+ {[%clk 0:19:50]} 24.
Qd2 {[%clk 0:06:23]} Qxd2+ {[%clk 0:17:00]} 25. Kxd2 {[%clk 0:06:46]} O-O
{[%clk 0:15:38]} 26. Bf3 {[%clk 0:05:25]} Rb8 {[%clk 0:04:24]} 27. Kc3
{[%clk 0:04:52]} b2 28. Nb3 {[%clk 0:04:33]} Rxd1 {[%clk 0:05:06]} 29. Rxd1
{[%clk 0:04:40]} d4+ {[%clk 0:05:20]} 30. Kxb2 {[%clk 0:03:13]} Nc5
{[%clk 0:05:49]} 31. Ka2 {[%clk 0:02:59]} Rxb3 {[%clk 0:05:15]} 32. Rc1
{[%clk 0:02:48]} Rc3 0-1

[Event "PMPJ 2022 - C17"]
[Site "Jastrzebia Gora"]
[Date "2022.11.09"]
[Round "5.16"]
[White "Jozefik, Aleksander"]
[Black "Grochowski, Adam"]
[Result "1/2-1/2"]
[BlackElo "1204"]
[WhiteElo "1616"]
[LiveChessVersion "1.4.8"]

1. e4 {[%clk 1:30:57]} c5 {[%clk 1:30:59]} 2. Nf3 {[%clk 1:31:20]} g6
{[%clk 1:31:21]} 3. c3 {[%clk 1:31:45]} d5 {[%clk 1:31:35]} 4. e5
{[%clk 1:30:31]} Bg4 {[%clk 1:31:10]} 5. d4 {[%clk 1:30:33]} cxd4
{[%clk 1:31:18]} 6. cxd4 {[%clk 1:30:40]} Nc6 {[%clk 1:31:22]} 7. Bb5
{[%clk 1:28:57]} Rc8 {[%clk 1:30:07]} 8. h3 {[%clk 1:25:25]} Bxf3
{[%clk 1:30:07]} 9. Qxf3 {[%clk 1:25:40]} a6 {[%clk 1:30:18]} 10. Bxc6+
{[%clk 1:23:54]} Rxc6 {[%clk 1:30:42]} 11. Nc3 {[%clk 1:23:39]} e6
{[%clk 1:30:54]} 12. O-O {[%clk 1:22:52]} Bg7 {[%clk 1:29:25]} 13. Rd1
{[%clk 1:19:02]} Ne7 {[%clk 1:29:41]} 14. Bg5 {[%clk 1:18:31]} O-O
{[%clk 1:29:36]} 15. Rac1 {[%clk 1:15:09]} Qd7 {[%clk 1:29:27]} 16. Na4
{[%clk 1:10:29]} Rxc1 {[%clk 1:15:10]} 17. Rxc1 {[%clk 1:10:52]} Nc6 18. Nc5
{[%clk 1:08:58]} Qc8 {[%clk 1:15:36]} 19. Qc3 {[%clk 1:08:28]} f6
{[%clk 1:11:25]} 20. exf6 {[%clk 0:57:47]} Bxf6 {[%clk 1:11:39]} 21. Bxf6
{[%clk 0:58:11]} Rxf6 {[%clk 1:12:03]} 22. Nxa6 {[%clk 0:58:13]} Qf8
{[%clk 1:09:56]} 23. Rc2 {[%clk 0:52:42]} Rf4 {[%clk 1:08:45]} 24. Rd2
{[%clk 0:47:03]} Nxd4 25. Rxd4 {[%clk 0:46:47]} Rxd4 {[%clk 0:59:18]} 26. Qxd4
{[%clk 0:44:01]} bxa6 {[%clk 0:58:48]} 27. a4 {[%clk 0:44:03]} Qd6
{[%clk 0:57:55]} 28. a5 Kf7 29. Qa7+ {[%clk 0:41:37]} Kf6 {[%clk 0:56:37]} 30.
Qb6 Ke7 {[%clk 0:55:57]} 1/2-1/2

[Event "PMPJ 2022 - C17"]
[Site "Jastrzebia Gora"]
[Date "2022.11.09"]
[Round "5.17"]
[White "Raba, Bartosz"]
[Black "Witkowski, Jedrzej"]
[Result "1/2-1/2"]
[BlackElo "1463"]
[WhiteElo "1896"]
[LiveChessVersion "1.4.8"]

1. Nf3 g6 2. g3 Bg7 3. Bg2 Nf6 4. O-O O-O 5. d4 d6 6. c4 c5 7. Nc3 Nc6 8. e3 Nh5
9. h3 f5 10. b3 e5 11. dxe5 dxe5 12. Bb2 e4 13. Ne1 Be6 14. Qe2 Qe7 15. Nc2 Rad8
16. Rfd1 Ne5 17. Ne1 a6 18. Na4 Qc7 19. Kh2 Bf7 20. Kh1 h6 21. Nc3 Nf6 22. Rxd8
Rxd8 23. Rd1 Nc6 24. Rxd8+ Qxd8 25. f3 Nh5 26. Kh2 Qd6 27. Qf2 exf3 28. Nxf3 Ne5
29. Ne1 Nf6 30. Kg1 b6 31. e4 fxe4 32. Nxe4 Nxe4 33. Bxe4 Nc6 34. Bxg7 Kxg7 35.
Bxc6 Qxc6 36. Nd3 Qd6 37. Nf4 g5 38. Ng2 Bg6 39. Qe2 Qxg3 40. Qe7+ Bf7 41. Qb7
Qd6 42. Qxa6 Qd1+ 43. Kf2 Qd2+ 44. Kf1 Qd3+ 45. Kg1 Qd1+ 1/2-1/2

[Event "PMPJ 2022 - C17"]
[Site "Jastrzebia Gora"]
[Date "2022.11.09"]
[Round "5.18"]
[White "Grzechowiak, Kacper"]
[Black "Skrzypczynski, Kacper"]
[Result "1/2-1/2"]
[BlackElo "1894"]
[WhiteElo "1448"]
[LiveChessVersion "1.4.8"]

1. e4 {[%clk 1:30:53]} Nf6 {[%clk 1:30:52]} 2. Nc3 {[%clk 1:31:08]} d5
{[%clk 1:30:54]} 3. exd5 {[%clk 1:30:13]} Nxd5 {[%clk 1:31:15]} 4. Nxd5
{[%clk 1:30:25]} Qxd5 {[%clk 1:31:39]} 5. d4 {[%clk 1:30:49]} g6 {[%clk 1:31:08]}
6. c3 {[%clk 1:28:34]} Bg7 {[%clk 1:31:18]} 7. Nf3 {[%clk 1:28:17]} O-O
{[%clk 1:31:22]} 8. Be2 {[%clk 1:27:21]} c6 {[%clk 1:31:25]} 9. O-O
{[%clk 1:27:01]} a5 {[%clk 1:30:38]} 10. Bf4 {[%clk 1:20:05]} Na6
{[%clk 1:29:17]} 11. c4 {[%clk 1:10:14]} Qd8 {[%clk 1:28:28]} 12. Qd2
{[%clk 1:07:23]} Nc7 {[%clk 1:27:27]} 13. Rfd1 {[%clk 1:05:25]} Bg4
{[%clk 1:26:16]} 14. h3 {[%clk 1:02:43]} Bxf3 {[%clk 1:26:38]} 15. Bxf3
{[%clk 1:03:11]} Ne6 {[%clk 1:26:53]} 16. Be3 {[%clk 1:03:07]} Nc7
{[%clk 1:26:14]} 17. Rac1 {[%clk 1:01:44]} Qd7 {[%clk 1:24:54]} 18. b3
{[%clk 0:51:28]} Rfd8 {[%clk 1:19:35]} 19. d5 {[%clk 0:47:28]} cxd5
{[%clk 1:19:57]} 20. cxd5 {[%clk 0:44:48]} Ne8 {[%clk 1:16:48]} 21. Bb6
{[%clk 0:37:02]} Rdc8 {[%clk 1:17:12]} 22. a4 {[%clk 0:36:42]} Nd6
{[%clk 1:15:03]} 23. Bxa5 {[%clk 0:27:48]} Bh6 {[%clk 1:14:59]} 24. Qxh6
{[%clk 0:27:48]} Rxa5 {[%clk 1:15:22]} 25. Rxc8+ {[%clk 0:23:37]} Qxc8
{[%clk 1:15:46]} 26. Rc1 {[%clk 0:23:10]} Rc5 {[%clk 1:16:10]} 27. Rxc5
{[%clk 0:23:34]} Qxc5 {[%clk 1:16:35]} 28. Qe3 {[%clk 0:24:00]} Qc7
{[%clk 1:16:30]} 29. Qd2 {[%clk 0:17:19]} Qc5 {[%clk 1:15:39]} 30. b4
{[%clk 0:17:15]} Qc4 {[%clk 1:15:28]} 31. Be2 {[%clk 0:16:57]} Qb3
{[%clk 1:15:40]} 32. a5 {[%clk 0:17:07]} Ne4 {[%clk 1:14:44]} 33. Qd4
{[%clk 0:16:12]} Nc3 {[%clk 1:14:27]} 34. Bf3 {[%clk 0:14:48]} Qb2
{[%clk 1:14:36]} 35. Qc5 {[%clk 0:12:12]} Qc1+ {[%clk 1:14:52]} 36. Kh2
{[%clk 0:12:26]} Qf4+ {[%clk 1:15:12]} 1/2-1/2

[Event "PMPJ 2022 - C17"]
[Site "Jastrzebia Gora"]
[Date "2022.11.09"]
[Round "5.19"]
[White "Haluja, Wiktor"]
[Black "Bednarczyk, Mateusz"]
[Result "0-1"]
[BlackElo "1756"]
[WhiteElo "1435"]
[LiveChessVersion "1.4.8"]

1. e4 c5 2. Nf3 Nc6 3. d4 cxd4 4. Nxd4 Nf6 5. Nc3 d6 6. Bg5 e6 7. Qd2 Be7 8. f4
a6 9. O-O-O Bd7 10. Kb1 Rc8 11. Nf3 b5 12. e5 dxe5 13. Nxe5 Nxe5 14. fxe5 Ng4 15.
Bxe7 Qxe7 16. Ne4 O-O 17. Qf4 f5 18. exf6 Nxf6 19. Nxf6+ Rxf6 20. Qd6 Qxd6 21.
Rxd6 Bc6 22. Rg1 e5 23. Rxf6 gxf6 24. g4 Kf7 25. Bg2 Bxg2 26. Rxg2 Rd8 27. Kc1
Ke6 28. Rd2 Rg8 29. Rg2 h5 30. h3 hxg4 31. hxg4 e4 32. Kd2 Ke5 33. Ke3 Rg5 34. a4
f5 35. axb5 axb5 36. b3 Rxg4 37. Rxg4 fxg4 38. c4 bxc4 39. bxc4 g3 40. c5 Kd5 41.
Ke2 Kxc5 42. Kf1 e3 0-1

[Event "PMPJ 2022 - C17"]
[Site "Jastrzebia Gora"]
[Date "2022.11.09"]
[Round "5.20"]
[White "Bem, Tymoteusz"]
[Black "Holynski, Szymon"]
[Result "1-0"]
[BlackElo "1355"]
[WhiteElo "1652"]
[LiveChessVersion "1.4.8"]

1. d4 {[%clk 1:30:44]} d5 {[%clk 1:30:50]} 2. c4 {[%clk 1:31:06]} e6
{[%clk 1:31:04]} 3. Nc3 {[%clk 1:31:28]} Nf6 {[%clk 1:31:29]} 4. Nf3
{[%clk 1:31:47]} Be7 {[%clk 1:31:39]} 5. Bg5 {[%clk 1:32:11]} h6 {[%clk 1:31:49]}
6. Bxf6 {[%clk 1:32:22]} Bxf6 {[%clk 1:31:33]} 7. e3 {[%clk 1:32:37]} O-O
{[%clk 1:30:24]} 8. cxd5 {[%clk 1:32:20]} exd5 {[%clk 1:30:17]} 9. Bd3
{[%clk 1:32:26]} Be6 {[%clk 1:25:18]} 10. O-O {[%clk 1:30:00]} Nd7
{[%clk 1:23:22]} 11. Rc1 {[%clk 1:25:50]} c5 {[%clk 1:19:53]} 12. Bb1
{[%clk 1:19:57]} Rc8 {[%clk 1:09:38]} 13. Ne2 {[%clk 0:50:23]} Qb6 14. Nf4
{[%clk 0:50:23]} g6 {[%clk 1:05:32]} 15. dxc5 {[%clk 0:49:03]} Rxc5
{[%clk 1:05:08]} 16. Rxc5 {[%clk 0:49:03]} Qxc5 17. Bxg6 {[%clk 0:40:09]} Rd8
{[%clk 0:57:54]} 18. Bb1 {[%clk 0:31:01]} Bxb2 {[%clk 0:51:25]} 19. Nh4
{[%clk 0:31:01]} Nf6 {[%clk 0:51:25]} 20. Bf5 {[%clk 0:27:14]} Qe7
{[%clk 0:48:02]} 21. Bxe6 {[%clk 0:21:48]} fxe6 {[%clk 0:44:02]} 22. Qc2
{[%clk 0:21:36]} Ba3 {[%clk 0:32:15]} 23. Qg6+ {[%clk 0:21:58]} Kf8
{[%clk 0:31:53]} 24. Qxh6+ {[%clk 0:21:50]} Ke8 {[%clk 0:31:46]} 25. Nhg6
{[%clk 0:21:59]} Qf7 {[%clk 0:30:02]} 26. Ne5 {[%clk 0:21:44]} Qf8
{[%clk 0:27:06]} 27. Qg6+ {[%clk 0:21:42]} Ke7 {[%clk 0:27:01]} 28. Qd3
{[%clk 0:22:08]} Ke8 {[%clk 0:26:11]} 29. Nxe6 1-0

[Event "PMPJ 2022 - C17"]
[Site "Jastrzebia Gora"]
[Date "2022.11.09"]
[Round "5.21"]
[White "Maciejewski, Adam"]
[Black "Mocko, Maciej"]
[Result "0-1"]
[BlackElo "1572"]
[WhiteElo "1290"]
[LiveChessVersion "1.4.8"]

1. e4 {[%clk 1:30:58]} c5 {[%clk 1:30:57]} 2. a3 {[%clk 1:31:23]} g6
{[%clk 1:31:18]} 3. Nc3 {[%clk 1:31:48]} Bg7 {[%clk 1:31:43]} 4. Bc4
{[%clk 1:32:14]} Nc6 {[%clk 1:31:55]} 5. d3 {[%clk 1:32:38]} e6 {[%clk 1:30:59]}
6. Ba2 {[%clk 1:32:04]} Nge7 {[%clk 1:31:06]} 7. h4 {[%clk 1:32:06]} h5
{[%clk 1:29:45]} 8. Bg5 {[%clk 1:32:29]} a6 {[%clk 1:26:25]} 9. Qd2
{[%clk 1:32:13]} b5 {[%clk 1:25:42]} 10. Rb1 {[%clk 1:31:41]} Bb7
{[%clk 1:23:48]} 11. Nf3 {[%clk 1:27:49]} Qc7 {[%clk 1:20:10]} 12. Bf4
{[%clk 1:25:00]} d6 {[%clk 1:17:40]} 13. Ng5 {[%clk 1:24:55]} Qd7
{[%clk 1:16:38]} 14. Be3 {[%clk 1:23:22]} Nd4 {[%clk 1:14:27]} 15. Bxd4
{[%clk 1:16:03]} cxd4 {[%clk 1:09:51]} 16. Qf4 {[%clk 1:15:08]} Nc6
{[%clk 1:00:44]} 17. Ne2 {[%clk 1:15:02]} Be5 {[%clk 1:00:07]} 18. Qd2
{[%clk 1:14:28]} Ne7 {[%clk 0:50:00]} 19. O-O {[%clk 1:00:46]} O-O
{[%clk 0:47:38]} 20. Nf4 {[%clk 0:51:35]} d5 {[%clk 0:44:05]} 21. f3
{[%clk 0:44:13]} Rac8 {[%clk 0:40:45]} 22. Ne2 {[%clk 0:42:15]} Qc7
{[%clk 0:37:09]} 23. Rbc1 {[%clk 0:40:26]} Rfd8 {[%clk 0:28:07]} 24. g4
{[%clk 0:29:56]} Bg3 {[%clk 0:23:43]} 25. gxh5 {[%clk 0:29:57]} Bxh4
{[%clk 0:23:49]} 26. Kg2 {[%clk 0:29:49]} Qe5 {[%clk 0:23:03]} 27. f4
{[%clk 0:23:18]} Bxg5 {[%clk 0:23:28]} 28. Kg1 {[%clk 0:18:21]} dxe4
{[%clk 0:21:00]} 29. Qd1 {[%clk 0:17:14]} Qf5 {[%clk 0:20:22]} 30. Ng3
{[%clk 0:16:44]} Qh3 {[%clk 0:20:16]} 31. Nxe4 {[%clk 0:17:05]} Qe3+
{[%clk 0:19:45]} 0-1